La residencia del diablo [juego] /

Guardado en:
Formato: Objeto Físico
Publicado: España : Falomir, [200?]
Materias:
Etiquetas: Agregar Etiqueta
Sin Etiquetas, Sea el primero en etiquetar este registro!
LEADER 00897nrm a22001695g 4500
001 CEM.cems019470
008 130507b200?##################0###0#####d
005 20220830185848.0
245 0 0 |a La residencia del diablo [juego] /  |c Falomir 
260 |a España :  |b Falomir,  |c [200?] 
300 |a 1 juego (1 dado, 4 peones, 18 cartas de habitación, 60 cartas de objetos: 25 balas, 15 cartuchos, 8 botiquí­n, 7 llaves, 4 escopeta, 1 virus, 27 fichas zombi, 25 fichas jefes-zombi) ; en caja 45 x 28 x 6 cm. + instrucciones. 
500 |a Para 4 jugadores a partir de 10 años objetivo: encontrar el laboratorio y en su interior el virus, hacerte con él y llegar hasta la casilla de salida con vida. 
505 0 |a Más información en jlnoguera-barbeaaterra.es 
082 0 4 |a J793.93 
653 |a 1. juegos de aventura 
653 |a 2. juegos de fantasía 
859 |a CEMS  |b BIB. CEMS - Ludoteca  |h J793.93  |i f189  |p 281.02  |t Ej.1